| 000 | 00533nam a2200229Ia 4500 | ||
|---|---|---|---|
| 003 | OSt | ||
| 005 | 20220924145531.0 | ||
| 006 | a|||||r|||| 00| 0 | ||
| 007 | ta | ||
| 008 | PER | ||
| 024 | _a329182 | ||
| 037 | _cTextual | ||
| 040 |
_aARTS _cARTS _bPER |
||
| 041 |
_2PER _aPER |
||
| 082 | _aP164, L3 | ||
| 100 |
_aKhaleel Mohammad Au. _9189021 |
||
| 245 | 0 | _aMualimul balaghah | |
| 260 | _c1973 | ||
| 650 | _aPERSIAN LANGUAGE | ||
| 942 |
_hP164, L3 _cTEXL _2CC |
||
| 999 |
_c460397 _d460397 |
||